00921nam a22002537a 4500003000400000005001700004008004100021010002600062020002700088035001400115035001400129037000900143040000600152082001100158100002500169245012300194260005600317270003400373300002300407700002800430942002600458999001900484952016400503dpl20240808172103.0240305b |||||||| |||| 00| 0 eng d aENG-140975 ENG-141297 a9789354571695c1300.00 aEN-124507 aEN-124829 bDBAD c. a616.07 aGali, Vinutha962808 aChanges In Conventional and Liquid Based Cytoloy Pap Smear In Vrious Cervical Lesions/cBy Vinutha Gali [and] Gayathri aChennai bSree Balaji Medical College and Hospital aChromepet bChennai e600044 a36Pagesc28cm,(hb) 962809aGayathrieAuthor 2ddccENh616.07mVINU c204438d204438 00102ddc40708NFICaBL1bBL1d2024-07-25eDelivery of Books Act Divisiong1300.00l0o616.07 GALpEN-124829r2024-07-25 00:00:00t1v1300.00w2024-07-25yEN